00378nam a2200145Ia 4500008004100000020001800041041000800059082001300067100001600080245005600096260004000152300000800192365001600200700001600216230718s9999 xx 000 0 und d a9781422138649 aeng a337bGHE aGhemawat P. aWorld 3.0bGlobal Prosperity And How To Achieve It c2011bHarvard Business Review Press a386 cRs.b695.00 aGhemawat P.